Tilastot visalle Suomen kansallispuistot

Klikkaa tästä pelataksesi tätä visaa!

Yleistilastot

  • Tätä visaa on pelattu 105 kertaa
  • Keskiarvotulos 12 / 41

Vastaustilastot

Perustamisvuosi
Kansallispuisto% Oikein
1983Urho Kekkosen kansallispuisto
78%
1994Nuuksio
69%
1982Helvetinjärvi
56%
1956Lemmenjoki
51%
1991Koli
49%
1989Tammisaaren saaristo
44%
2022Salla
40%
2011Sipoonkorpi
40%
2003Repovesi
38%
2017Hossa
36%
2014Etelä-Konnevesi
35%
1982Seitseminen
35%
1938Pyhä-Luosto
31%
1982Riisitunturi
31%
1956Oulanka
29%
1990Torronsuo
29%
1991Perämeri
27%
1982Patvinsuo
25%
1956Rokua
25%
1983Saaristomeri
25%
2015Teijo
25%
1996Valkmusa
25%
1938Pallas-Yllästunturi
24%
1982Tiilikkajärvi
22%
1982Isojärvi
20%
1980Kurjenrahka
20%
1993Päijänne
20%
1956Pyhä-häkki
20%
2011Selkämeri
20%
1982Itäinen Suomenlahti
18%
1990Kolovesi
18%
2003Leivonmäki
18%
1956Linnansaari
18%
1956Petkeljärvi
18%
1982Salamajärvi
18%
1956Liesjärvi
16%
2000Syöte
16%
1982Hiidenportti
13%
1982Lauhanvuori
9%
1993Puurijärvi-Isosuo
9%
1982Kauhaneva-Pohjakangas
4%

Tulosjakauma

Persentiili vastausten määrän mukaan

Jokaisen tuloksen saaneiden osuus

Tuloshistoriasi

Et ole pelannut tätä visaa